Quizzes
Events
Quiz Creation
Community
Videos
Private Events
Remove Ads
Sign In
Join for FREE
Feedback
Dark Mode
Quiz Categories
Sports
Geography
Music
Movies
Television
Just For Fun
Miscellaneous
History
Literature
Language
Science
Gaming
Entertainment
Religion
Holiday
For Kids
Quiz Lab
Recent
Popular Today
Quiz Kudos Today
Editor Picks
Curator Picks
Quizzes by...
Day
Popularity
Type
Ratings
Length
Year
Community
Subscriptions
Recent Discussions
Orange Saloon
Badges
Playlists
Quests
Create
Leaderboards
Showdown
Live 5
Trivia Bingo
Activity
Puzzle Library
Sporcle Events
Private Events
Virtual Trivia
Globe League
Become a Host
Pub Owners
SporcleCon
Opinionation
Our Games
Videos
Blog
Mobile Apps
Partnerships
Remove Ads and Go Orange
Feedback
Sports
Athletes
MLB
NBA
NHL
NFL
Soccer
Sports Teams
WWE
NCAA
Football
Premier League
Basketball
Baseball
Hockey
Golf
Tennis
Cricket
Rugby
Auto Racing
Olympics
World Cup
Sports
Athletes
MLB
NBA
NHL
NFL
Soccer
Sports Teams
WWE
NCAA
Football
Premier League
Basketball
Baseball
Hockey
Golf
Tennis
Cricket
Rugby
Auto Racing
Olympics
World Cup
Random Quiz
Search Sporcle
×
Quiz Lab
Quiz Lab
Sports
World
Type in answers that appear in a list
Type in answers that appear in a list
Classic
Best Score? Go Orange.
World Series Losers Stats
Can you name the World Series Losers?
By
DJC83
15m
105 Questions
473 Plays
473 Plays
473 Plays
Comments
Comments
Give Quiz Kudos
Give Quiz Kudos
-
- Ratings
hide this ad
Forced Order
Answers have to be entered in order
Answers have to be entered in order
Replay
Link that replays current quiz
Next Quiz
Link to next quiz in quiz playlist
You Got
0%
They Got
Avg Score
61%
Avg Friend Score
Upgrade to see
Score Distribution
Jump to the score distribution portion of the page
Score
0/105
Timer
15:00
0
Plays Today
Year
Team Name
% Correct
2001
New York Yankees
84.3%
2009
Philadelphia Phillies
84.1%
2002
San Francisco Giants
81.6%
2003
New York Yankees
81.6%
2000
New York Mets
81.4%
2004
St. Louis Cardinals
81.4%
2007
Colorado Rockies
80.5%
2008
Tampa Bay Rays
80.5%
2006
Detroit Tigers
80.1%
1996
Atlanta Braves
79.7%
2005
Houston Astros
79.7%
1997
Cleveland Indians
78.4%
1998
San Diego Padres
78.4%
1986
Boston Red Sox
77.5%
1999
Atlanta Braves
77.5%
1993
Philadelphia Phillies
75%
1995
Cleveland Indians
75%
1991
Atlanta Braves
74.8%
1992
Atlanta Braves
73.5%
1903
Pittsburgh Pirates
73.3%
1989
San Francisco Giants
73.1%
1988
Oakland Athletics
70.8%
1976
New York Yankees
69.9%
1990
Oakland Athletics
69.7%
1985
St. Louis Cardinals
69.5%
1960
New York Yankees
69.1%
1975
Boston Red Sox
68.4%
1981
New York Yankees
68.2%
1955
New York Yankees
67.8%
1987
St. Louis Cardinals
66.9%
1977
Los Angeles Dodgers
66.5%
1919
Chicago White Sox
66.3%
1956
Brooklyn Dodgers
66.3%
1978
Los Angeles Dodgers
66.1%
1957
New York Yankees
65.3%
Year
Team Name
% Correct
1969
Baltimore Orioles
64.6%
1952
Brooklyn Dodgers
64%
1953
Brooklyn Dodgers
62.9%
1968
St. Louis Cardinals
62.9%
1984
San Diego Padres
62.9%
1906
Chicago Cubs
62.7%
1951
New York Giants
62.7%
1979
Baltimore Orioles
62.3%
1980
Kansas City Royals
61.9%
1982
Milwaukee Brewers
61.4%
1964
New York Yankees
61.2%
1967
Boston Red Sox
61.2%
1963
New York Yankees
61%
1983
Philadelphia Phillies
60.2%
1954
Cleveland Indians
60%
1972
Cincinnati Reds
59.1%
1908
Detroit Tigers
58.7%
1921
New York Yankees
58.3%
1949
Brooklyn Dodgers
58.3%
1971
Baltimore Orioles
58.3%
1945
Chicago Cubs
58.1%
1907
Detroit Tigers
57.4%
1947
Brooklyn Dodgers
57.4%
1962
San Francisco Giants
57.4%
1973
New York Mets
57.4%
1922
New York Yankees
57.2%
1923
New York Giants
57.2%
1974
Los Angeles Dodgers
57.2%
1966
Los Angeles Dodgers
57%
1970
Cincinnati Reds
57%
1958
Milwaukee Braves
56.6%
1909
Detroit Tigers
56.4%
1942
New York Yankees
56.1%
1926
New York Yankees
55.9%
1912
New York Giants
55.3%
Year
Team Name
% Correct
1961
Cincinnati Reds
55.3%
1924
New York Giants
55.1%
1959
Chicago White Sox
55.1%
1950
Philadelphia Phillies
54.9%
1946
Boston Red Sox
54.4%
1932
Chicago Cubs
54.2%
1927
Pittsburgh Pirates
54%
1911
New York Giants
53.8%
1965
Minnesota Twins
53%
1913
New York Giants
52.5%
1941
Brooklyn Dodgers
52.5%
1943
St. Louis Cardinals
52.3%
1917
New York Giants
52.1%
1918
Chicago Cubs
51.1%
1910
Chicago Cubs
50.4%
1935
Chicago Cubs
50.4%
1905
Philadelphia Athletics
49.6%
1920
Brooklyn Robins
49.4%
1928
St. Louis Cardinals
48.7%
1936
New York Giants
48.7%
1915
Philadelphia Phillies
48.3%
1914
Philadelphia Athletics
48.1%
1939
Cincinnati Reds
48.1%
1944
St. Louis Browns
48.1%
1948
Boston Braves
48.1%
1929
Chicago Cubs
47.9%
1937
New York Giants
47.9%
1940
Detroit Tigers
47.5%
1938
Chicago Cubs
47.2%
1925
Washington Senators
47%
1916
Brooklyn Robins
46.8%
1934
Detroit Tigers
46.2%
1930
St. Louis Cardinals
45.6%
1931
Philadelphia Athletics
45.3%
1933
Washington Senators
41.9%
Quiz Playlist
Details
Report
Send in Message
Add To Playlist
Classic:
Type in answers that appear in a list
Forced Order:
Answers have to be entered in order
Quiz Source
Last Updated: Feb 16, 2017
Quiz Scoreboard
CHALLENGE
Sign Up to Join the Scoreboard
Show All
Scores
Hide
Comments
May contain spoilers
Recently Published
9x9 Crossword: Cartoon Network
by jackfrog10
Miscellaneous
3m
College Basketball Coaching Resumes
by pancakes188
Sports
9m
Billboard Blitz: Fleetwood Mac
by CooCooCachoo
Music
15s
More to Explore
Quiz From the Vault
Featured Blog Post
Where Did the Easter Bunny Come From?
hide this ad
You Might Also Like...
Tags
World Quiz
Loser
team
World Series
Today's Top Quizzes in Sports
Browse Sports
hide this ad
Today's Top Quizzes in World
Browse World
Top Contributed Quizzes in Sports
1
2022 World Cup Stars
2
Les meilleurs buteurs des matchs entre le PSG et l’OM
3
FIFA Club World Cup Champions
4
Les entraîneurs de l'OM et du PSG au 21e siècle
5
Criteria MLB: Left Handed Sluggers
6
2023 MLB Unique Player Accomplishments
7
AFC Teams Reveal (Wrong Answers Minefield)
8
Players with Multiple 50 Home Run Seasons
9
5-to-1: FBS Animal Nicknames
10
5-to-1: UK Sports Teams
Explore More
Trending Topics
Harry Potter
NBA
Disney
Crossword
Marvel
Kpop
Anime
Country
WWE
Puzzle
NFL
Song
Pokémon
The Office
Soccer
hide this ad
More By:
DJC83
Quiz
Plays
Rating
Category
Featured
Created
US City Population: Most Times in Top 100
144,599
4.61
Geography
Apr 11, 2011
Top MLB Starting Nines (by WAR)
122,904
4.60
Sports
Jun 9, 2011
Ain't Ain't a Word!
117,283
4.56
Language
Mar 4, 2010
MLB 2000 Runs Produced for One Franchise
100,578
4.65
Sports
Mar 5, 2011
Guess Your State?
94,421
4.12
Just For Fun
Mar 7, 2010
Go to Creator's Profile
Score Distribution
Quiz Creator Spotlight
DJC83
Follow
Send a Message
Quizzes Created
-
Created Quiz Play Count
-
More By This Creator
Popular Quizzes Today
1
Find the US States - No Outlines Minefield
2
Find the Countries of Europe - No Outlines Minefield
3
The Countries of the World
4
Find the US States
5
Risky Map Clicking: Biggest States A-Z
6
US States
7
Popular People in 1961
8
Movies - When Are They Set?
More Sports Quizzes
5x2 Blitz: Premier League
Published
Trending Quizzes
Risky Map Clicking: Least Populous States A-Z
1-10 Letter G Words
Risky Map Clicking: Next State Alphabetically
Adjectives in 80s TV Shows
Risky Map Clicking: Biggest States A-Z
Recently Updated
Leaping Animals
pecheneg
Reality TV Shows (A-Z)
bhenderson79
Rickey Henderson's Hall of Fame Teammates
pecheneg
Champions League XIs: Arsenal
pecheneg
Quick Pick: Celebrities in WWE's Hall of Fame
aduchscher
A-Z Keypad Blitz II
pecheneg
Multiple Oscar Actors
pecheneg
Mystery Phrase Blitz: Oscar 'Best Actors'
pecheneg
F. Scott Fitzgerald Novels
LTH
Pick 3 Villains
ddd62291
Trending Topics
NBA
Anime
Kpop
Disney
Harry Potter
Crossword
Marvel
Song
WWE
NFL
Country
Puzzle
Soccer
The Office
Pokémon
Your Account Isn't Verified!
In order to create a playlist on Sporcle, you need to verify the email address you used during registration. Go to your
Sporcle Settings
to finish the process.
Report this User
Report this user for behavior that violates our
Community Guidelines
.
Details:
Send Report
Go to the Sporcle.com Mobile Site →
Comments